|
|
|
|
| LEADER |
00000nam a2200000 a 4500 |
| 001 |
vtls001162132 |
| 003 |
SK-MaSNL |
| 005 |
20260425224739.0 |
| 008 |
240314s1952 xo 0 slo |
| 035 |
|
|
|a SNK000105042
|
| 040 |
|
|
|a SNK
|b slo
|c SNK
|e AACR2
|
| 041 |
0 |
|
|a slo
|
| 044 |
|
|
|a xo
|c SK
|
| 080 |
|
|
|a 016:78(437.6)
|2 1981
|
| 100 |
1 |
|
|a Potúček, Juraj,
|d 1923-2006
|4 aut
|9 184263
|
| 245 |
1 |
0 |
|a Súpis slovenských hudobnín a literatúry o hudobníkoch
|c Juraj Potúček
|
| 260 |
|
|
|a Bratislava
|b Nakladateľstvo Slovenskej akadémie vied a umení
|c 1952
|
| 300 |
|
|
|a 435 s.
|c 25 cm
|
| 650 |
0 |
7 |
|a hudobniny
|2 SNKPH
|9 987
|
| 650 |
0 |
7 |
|a literatúra
|2 SNKPH
|9 1427
|
| 650 |
0 |
7 |
|a hudobníci
|2 SNKPH
|9 3189
|
| 651 |
|
7 |
|a Slovensko
|2 SNKPHgeo
|9 14231
|
| 655 |
|
7 |
|a súpisy
|2 SNKPH
|9 70480
|
| 958 |
|
|
|a OND
|
| 999 |
|
|
|c 623488
|d 625418
|
| 952 |
|
|
|a SNK
|b SNK
|y VYP
|7 0
|p 17A0009782
|o snkSC 4717 D5
|i snkF 1022/72
|8 5
|0 0
|1 0
|4 0
|d 1996-10-03
|l 0
|r 2005-01-01 00:00:00
|w 2026-02-23
|
| 952 |
|
|
|t P60, <04>, [BOOK], {604}
|a SNKPRIRUCN
|b SNKPULT
|y VYP
|7 0
|p 17A0039742
|o snkSC 4717 D1
|i snkF 1785/92
|3 Vrátené z príručnej knižnice.
|0 0
|1 0
|4 0
|d 1997-04-03
|l 1
|q 2026-09-25
|r 2026-03-19 16:01:49
|s 2026-03-19
|w 2026-02-23
|
| 952 |
|
|
|t P60, <04>, [BOOK], {604}
|a SNK
|b SNK
|y VYP
|7 0
|p 17A0363753
|o snkSC 4717 D4
|0 0
|1 0
|4 0
|d 1997-09-22
|l 0
|r 2005-01-01 00:00:00
|w 2026-02-23
|
| 952 |
|
|
|t P60, <04>, [BOOK], {604}
|a SNK
|b SNK
|y VYP
|7 0
|p 17A0335926
|o snkSC 4717 D3
|0 0
|1 0
|4 0
|d 2002-03-01
|l 0
|r 2005-01-01 00:00:00
|w 2026-02-23
|